Capitalism and American leadership (Record no. 363381)

000 -LEADER
fixed length control field 00386cam a22001337a 4500
008 - FIXED-LENGTH DATA ELEMENTS--GENERAL INFORMATION
fixed length control field 180718b1962 xxu||||| |||| 00| 0 eng d
082 ## - DEWEY DECIMAL CLASSIFICATION NUMBER
Classification number T111x73 C839c
100 ## - MAIN ENTRY--PERSONAL NAME
Personal name Cox, Oliver C.
245 ## - TITLE STATEMENT
Title Capitalism and American leadership
Statement of responsibility, etc. by Oliver C. Cox
260 ## - PUBLICATION, DISTRIBUTION, ETC.
Place of publication, distribution, etc. New York
Name of publisher, distributor, etc. Philesophical Library
Date of publication, distribution, etc. 1962
300 ## - PHYSICAL DESCRIPTION
Extent 328p.
650 ## - SUBJECT ADDED ENTRY--TOPICAL TERM
Topical term or geographic name entry element USA - Economic Policy
650 ## - SUBJECT ADDED ENTRY--TOPICAL TERM
Topical term or geographic name entry element Capitalism - USA
Holdings
Withdrawn status Lost status Damaged status Not for loan Permanent Location Current Location Date acquired Full call number Barcode Date last seen Price effective from Koha item type
        Indian Institute of Public Administration Indian Institute of Public Administration 1994-03-30 T111x73 C839c 33706 2018-07-21 2018-07-21 Book

Powered by Koha